000 00350 a2200169 4500
001 50598
020 _a8508072635
040 _cAnchieta - Bela Vista
100 _aPatara, Tânia Vieira
240 1 0 _aBrasil 500 anos
_lpor
245 1 0 _aBrasil 500 anos
300 _a48
362 0 _a2000
440 1 _aÁtica
650 4 _aBrasil
942 _cBK
999 _c50598
_d50598